书目信息 |
| 题名: |
化工应用数学
|
|
| 作者: | 冯文成 主编 | |
| 分册: | ||
| 出版信息: | 北京 化学工业出版社 2015.6 |
|
| 页数: | 263页 | |
| 开本: | 26cm | |
| 丛书名: | ||
| 单 册: | ||
| 中图分类: | TQ011 | |
| 科图分类: | ||
| 主题词: | 化学工业--应用数学--高等职业教育--教材 , 化学工业 , 应用数学 | |
| 电子资源: | ||
| ISBN: | 978-7-122-13046-4 | |
| 000 | 00871nam0 2200265 450 | |
| 001 | 0400003844 | |
| 005 | 20171022151653.0 | |
| 010 | @a978-7-122-13046-4@dCNY33.00 | |
| 100 | @a20120716d2015 em y0chiy50 ea | |
| 101 | 0 | @achi |
| 102 | @aCN@b110000 | |
| 105 | @ay z 000yy | |
| 106 | @ar | |
| 200 | 1 | @a化工应用数学@9hua gong ying yong shu xue@f冯文成主编 |
| 210 | @a北京@c化学工业出版社@d2015.6 | |
| 215 | @a263页@d26cm | |
| 300 | @a高职高专“十二五”规划教材 | |
| 330 | @a本书内容分为微积分学、常微分方程、概率与数理统计三篇,包括函数的极限、不定积分、高阶线性方程求解、随机事件及其概率、几种重要随机变量的分布等16章。 | |
| 606 | 0 | @a化学工业@x应用数学@x高等职业教育@j教材 |
| 606 | 0 | @a化学工业 |
| 606 | 0 | @a应用数学 |
| 690 | @aTQ011@v5 | |
| 701 | 0 | @a冯文成@9feng wen cheng@4主编 |
| 801 | 0 | @aCN@b91MARC@c20171022 |
| 905 | @b1034441-5@dTQ011@f5@e425 | |
| 化工应用数学/冯文成主编.-北京:化学工业出版社,2015.6 |
| 263页;26cm |
| 高职高专“十二五”规划教材 |
| ISBN 978-7-122-13046-4:CNY33.00 |
| 本书内容分为微积分学、常微分方程、概率与数理统计三篇,包括函数的极限、不定积分、高阶线性方程求解、随机事件及其概率、几种重要随机变量的分布等16章。 |
| ● |
| 相关链接 |
|
|
|
|
正题名:化工应用数学
索取号:TQ011/425
 
预约/预借
| 序号 | 登录号 | 条形码 | 馆藏地/架位号 | 状态 | 备注 |
| 1 | 1034441 | 210344411 | 第二样本阅览室/ [索取号:TQ011/425] | 在馆 | |
| 2 | 1034442 | 210344420 | 密集书库-化学系/ [索取号:TQ011/425] | 在馆 | |
| 3 | 1034443 | 210344439 | 第三借阅区/ [索取号:TQ011/425] | 在馆 | |
| 4 | 1034444 | 210344448 | 第三借阅区/ [索取号:TQ011/425] | 在馆 | |
| 5 | 1034445 | 210344457 | 第三借阅区/ [索取号:TQ011/425] | 在馆 |